[Event "Niedersachsen-ch Seniors op 14th"]
[Site "Bad Bevensen"]
[Date "2011.07.08"]
[Round "4"]
[White "Chinkov, Alexander"]
[Black "Dziura, Dieter"]
[Result "1-0"]
[WhiteElo "1756"]
[BlackElo "1646"]
[PlyCount "86"]
[EventDate "2011.07.05"]
[EventType "swiss"]
[EventRounds "9"]
[EventCountry "GER"]
[SourceTitle "EXT 2012"]
[Source "ChessBase"]
[SourceDate "2011.11.24"]
[SourceVersion "1"]
[SourceVersionDate "2011.11.24"]
[SourceQuality "1"]

1. e4 c5 2. Nf3 a6 3. c3 d5 4. e5 Nc6 5. d4 e6 6. Bd3 Nge7 7. Bg5 Qb6 8. Qd2 Ng6 9. 0-0 Bd7 10. Be3 cxd4 11. cxd4 Nb4 12. Be2 Be7 13. Nc3 0-0 14. a3 Nc6 15. b4 f6 16. Na4 Qc7 17. exf6 Bxf6 18. Nc5 e5 19. dxe5 Ngxe5 20. Qxd5+ Kh8 21. Rad1 Bg4 22. Ne6 Bxe6 23. Qxe6 Rae8 24. Qh3 Nxf3+ 25. Bxf3 Rd8 26. Bd4 g5 27. Qh5 Qg7 28. Bb6 Rde8 29. Bc5 Ne5 30. Bg4 Nxg4 31. Qxg4 Rf7 32. Rd2 Be5 33. Rfd1 Qf6 34. Be3 h6 35. h3 Bf4 36. Bxf4 gxf4 37. Qf3 Kg7 38. Kf1 Rg8 39. Rd6 Qh4 40. Qc3+ Kh7 41. Rd7 Kg6 42. Rxf7 Kxf7 43. Qf3 Qf6 1-0